000 00270nam a2200133Ia 4500
100 _aVahid/Frank
942 _cBK
654 _aembedded
245 _aEmbedded system design
260 _bJohn Wiley
_c2002
082 _a3.3
_bVAH
300 _a324
546 _aENGLISH
999 _c19042
_d19042